[Event "Tata Steel-A 81st"]
[Site "Wijk aan Zee"]
[Date "2019.01.22"]
[Round "9"]
[White "Shankland, Samuel L"]
[Black "Carlsen, Magnus"]
[Result "1/2-1/2"]
[WhiteElo "2725"]
[BlackElo "2835"]
[Annotator "Fernandez,D"]
[PlyCount "80"]
[EventDate "2019.01.12"]
[EventType "tourn"]
[EventRounds "13"]
[EventCountry "NED"]
[EventCategory "21"]
[SourceTitle "CBM 188"]
[Source "ChessBase"]
[SourceDate "2018.12.21"]
[SourceVersion "1"]
[SourceVersionDate "2018.12.21"]
[SourceQuality "1"]

1. d4 d5 2. c4 e6 3. Nc3 a6 {A relatively major trend of the 2010's. Black
threatens to take on d5 and obliges his opponent to enter a Carlsbad structure
in which ...a6 will be useful rather than committal.} 4. cxd5 (4. Nf3 {is of
course playable, but after} dxc4 5. a4 Nc6 6. e4 Na5 7. Be3 $44 {or similar,
the compensation is less clear-cut than in a standard Moscow Gambit.}) (4. e4 {
attempts a favourable comparison to the 3...c6 4.e4!? gambit, but} dxe4 5. Nxe4
Nf6 $11 {was just fine for Black in Roubalik,J-Zilka,S Czech Republic 2018})
4... exd5 5. Nf3 h6 {This is maximalist, and provocative.} ({There isn't much
reason why the} 5... Nf6 6. Bg5 Be6 7. e3 Nbd7 8. Bd3 h6 9. Bf4 {of Karjakin,
S-Caruana,F Saint Louis 2018 should scare Black, but if the text can be played,
then it should be.}) 6. Bf4 (6. Qb3 Nf6 7. e4 $5 Nxe4 $1 (7... dxe4 8. Ne5 Be6
9. Qxb7 $18) 8. Qxd5 Qxd5 9. Nxd5 Bd6 10. Bd3 Nf6 11. Nxf6+ gxf6 12. O-O Nc6
13. Re1+ Kf8 14. Be3 $11 {Here a draw was agreed in Parligras,M-Rakhmanov,A
Banja Vrujci 2017, on the premise that in the absence of queens, the isolated
d-pawn is as weak as the doubled f-pawns.}) 6... Nf6 7. e3 Bd6 8. Bxd6 Qxd6 9.
Qc2 O-O 10. Bd3 Re8 11. h3 {It might turn out that this move is unnecessary,
because Black wasn't planning ...Bg4 for some time yet.} ({Let us examine:} 11.
O-O Bg4 ({If Black plays} 11... Be6 {with the idea of ... Nbd7 as in the game,
then h3 could have been saved. For instance,} 12. b4 $14) 12. Ne5 c5 $1 (12...
Nc6 13. f4 {should be something for White}) 13. Qa4 $5 (13. Qd2 b5 14. f4 Nc6
15. h3 cxd4 16. exd4 Be6 $132 {with play on both sides of the board}) 13... Be6
14. Qa3 b6 $14 {I think White has a nibble in this Barry-type position. The
computer likes 13...Rxe5, but then Black is really playing for tricks.}) 11...
Be6 12. O-O Nbd7 ({It is reasonable to ask, given the game continuation, why
Black didn't go for} 12... c5 $5 {immediately, so that his knight could use
the c6-square and (probably) ...b5 would still be an option?} 13. dxc5 Qxc5 14.
Rac1 Nc6 15. Rfd1 $14) (12... c6 {is a more aggressive way to handle the
position, inviting White to play b4 at some moment if he wishes, but reserving
options like ...Nd7-b6 in that eventuality. For instance:} 13. a3 Nbd7 14. b4
a5 15. Qb2 b6 $5 $132 {Or ...Nb6.}) 13. a4 (13. Na4 Ne4 $1 {This thematic
counter-blow at first looks impossible, but in fact it's necessary to stop
White developing a choke-hold on c5.}) 13... Rac8 14. Rfc1 c5 {On one hand,
this move usually hands over a slight plus to White for the foreseeable future,
but on the other, Black seems uniquely well placed in this case to carry out
the standard mitigating procedures.} 15. dxc5 Nxc5 16. Nd4 Bd7 17. Qd1 {
In case of any ...Nce4xf2 type ideas.} (17. Bf5 $5 {seeks to clarify matters a
bit.} Nce4 (17... Ne6 $1 {seems best. Now say} 18. Rd1 {With e4 ideas in the
pipeline.}) (17... Bxf5 18. Qxf5 g6 19. Qc2 Qe5 20. Nce2 $14) 18. Bxe4 Nxe4 19.
Qb3 $14) 17... Rc7 18. Bc2 Rec8 19. Nde2 Ne6 20. Bb3 Bc6 21. Nd4 {White
suffers in this phase from a lack of obvious plans, being that d5 is defended
as many times as Black needs. He ends up not finding one, and Black gets to
consolidate further.} Qb4 22. Nce2 Bd7 23. Rxc7 Rxc7 {This is now just dead
equal.} 24. Qe1 Qxe1+ 25. Rxe1 Nc5 (25... Kf8 {Playing this first presents
White with a small strategic problem. If he marks time, then ...Nc5 will come
next.} 26. Rd1 Nc5 27. a5 Ke7 $11) 26. Rc1 a5 27. Bc2 Kf8 28. b3 Na6 29. f3 Nb4
{Starting to give White things to think about. There needs to be, for instance,
a serious response to ...b5, both immediately and in the future.} 30. Kf2 Ne8
31. Ke1 Nd6 32. Bb1 {And this is a tacit offer of a draw.} (32. Kd2 b5 33. axb5
Bxb5 $132 {Black has his targets too.}) 32... Rxc1+ 33. Nxc1 Ke7 34. Bd3 Kf6
35. h4 b6 36. Kd2 Ke5 37. g4 g5 38. hxg5 hxg5 39. Nce2 Nxd3 40. Kxd3 Nb7 ({
The attempt} 40... f5 $4 {is hugely ill-advised due to the tactic} 41. f4+ Kf6
42. fxg5+ Kxg5 43. Nf3+ $3 {and White is basically winning.}) (40... b5 $5 {
is playable, though knights tend to be good in close combat such as this.} 41.
f4+ Kf6 42. Nc3 bxa4 43. Nxd5+ Kg7 44. Nb6 $1 (44. bxa4 $6 Bxa4 45. fxg5 Kg6
$15 {is still a draw, but with Black having a very active king and passed
a-pawn it could go wrong.}) 44... Bxg4 45. Nxa4 gxf4 46. exf4 $11 {and there
isn't much left to play for.}) 1/2-1/2

[Event "Moscow op-A"]
[Site "Moscow"]
[Date "2015.02.07"]
[Round "8"]
[White "Fier, Alexandr"]
[Black "Makhmutov, Rail"]
[Result "1/2-1/2"]
[WhiteElo "2604"]
[BlackElo "2428"]
[Annotator "Fier,A"]
[PlyCount "93"]
[EventDate "2015.01.31"]
[EventType "swiss"]
[EventRounds "9"]
[EventCountry "RUS"]
[SourceTitle "CBM 165"]
[Source "ChessBase"]
[SourceDate "2015.03.11"]
[SourceVersion "1"]
[SourceVersionDate "2015.03.11"]
[SourceQuality "1"]

1. d4 e6 2. c4 d5 3. Nc3 Be7 4. cxd5 exd5 5. Bf4 c6 6. e3 Bd6 7. Bxd6 Qxd6 8.
Bd3 Ne7 (8... Nf6 {is another option that was played against me and after} 9.
h3 b6 10. Nf3 Ba6 11. Bxa6 Nxa6 12. Qa4 Nb8 13. O-O O-O 14. b4 {Fier,A (2570)
-Schroeder,J (2367) Barcelona Sants op 16th 2014 (9) 1-0 I got a small
advantage in}) 9. Qb1 {An interesting idea; at the same time the queen
supports the b4-b5 advance and makes Black lose a tempo to play ...Bf5.} (9.
Qc2 g6 10. Nf3 Bf5 11. Bxf5 Nxf5 12. O-O O-O 13. e4 {Nisipeanu,L (2661)-Landa,
K (2641) Bayern-chI Bank Hofmann 16th 2012 (8) 1/2 would be in the same style
of the game}) 9... a5 10. Nf3 g6 11. O-O O-O 12. e4 {Since Black has spent
some time playing 9...a5 and 10...g6 I think it was the moment to open the
centre.} dxe4 13. Nxe4 Qf4 14. Re1 Nd5 15. Neg5 {During the game I could not
find the best place for the knights, so they went back and forward for the
next moves. My initial idea was to bring 16.Re4 and 17.Rh4, but later I
realised that this is not so powerful.} Qf6 (15... Nd7 {was possible, Black
doesn't need to be afraid of the rook transfer} 16. Re4 (16. a3 {followed by
17.Qc2 could be a more reasonable option}) 16... Qf6 17. Rh4 h5 {and White has
no good way to improve the attack.}) 16. h4 Nd7 17. h5 N7b6 18. Ne4 (18. hxg6
fxg6 {helps Black more than White.}) 18... Qf4 19. Ng3 {The idea of going away
from g5 is to free the other knight to go to e5.} Qf6 20. Ne4 Qf4 21. Ne5 Kg7
22. g3 Qh6 23. Kg2 (23. hxg6 {is not what I wanted; in this position Black is
ready to use the h-file} hxg6 24. Qc1 Qh3 25. Ng5 Qh6 26. Kg2 f6 27. Nxg6 Qxg5
28. Nxf8 Kxf8 29. Qxg5 fxg5 {and Black is completely fine in the endgame.})
23... f6 24. Nf3 Qxh5 (24... Bg4 {was the suggestion of the computer, but it's
strange to lock the pieces in like this} 25. Rh1 Bxh5 {and the machine doesn't
believe that White has full compensation.}) 25. Rh1 Qg4 26. Qc1 {This defends
the f4-square, at the same time aims for h6.} h5 27. Rh4 Qe6 28. Qd2 (28. g4 {
was one of the possible plans, but Black has a strong answer} Qe7 $1 {
Preparing 29...g5} 29. gxh5 g5 {and White has no way to defend against 30...
Nf4+ winning.}) 28... Qf7 {Now all the fun starts. Black is ready to
consolidate the position and White should not allow it. The only way is a
multiple sacrifice where I was not able to calculate to the end.} 29. Nd6 Qc7
30. Bxg6 $1 {Now Black's king will be exposed and under attack for the rest of
the game.} Qxd6 (30... Kxg6 {looks the same at first sight, but it is brutally
refuted} 31. Rxh5 Qxd6 32. Ne5+ $1 (32. Qh6+ {is good for Black} Kf7 33. Ne5+ (
33. Re1 Be6) 33... Ke8 34. Qg6+ Kd8 {and the king escapes}) 32... fxe5 (32...
Qxe5 33. Qh6+ Kf7 34. dxe5 $18) (32... Kxh5 33. Rh1+) 33. Qh6+ Kf7 34. Qxd6 {
and Black has no hope.}) 31. Rxh5 Nf4+ $1 {It's necessary to close the
diagonal.} (31... Kxg6 32. Ne5+ $1 {transposes to the note of the last move.})
32. gxf4 Kxg6 33. f5+ {I spend more than half an hour trying to find the most
effective way to continue the attack. Finally this is the best move.} (33. Qd3+
Kf7 34. Re1 Rg8+ 35. Kf1 Rg7 {and after 36...Be6 Black will be safe}) (33. Ne5+
{was a more or less safe option, but it gives up too many pieces for the queen}
fxe5 34. Rh6+ Kxh6 35. fxe5+ Kg7 36. exd6 Rf6 $1 37. Rg1 {and I think the game
would probably end in draw.}) (33. Qe2 {was tempting, but also refuted} Rg8 $1
{and Black will escape with the king with check, so there is no good way to
continue} (33... Kxh5 34. Ne5+ Kh6 35. Rh1+ Kg7 36. Qh5 Qd5+ 37. f3 Rg8 38.
Qh6# {would be nice.})) 33... Kf7 34. Re1 {The difference is that now Black
has no good way to block the e-file} Rg8+ (34... Bxf5 {gives White some
advantage after a long forced line} 35. Rxf5 Rg8+ 36. Kf1 Rae8 37. Ne5+ Rxe5
38. Rexe5 Nc4 39. Qe2 Nxe5 40. dxe5 Qd5 {and Black's pieces are active, so
White needs to be precise} 41. Qh5+ $1 (41. Rxf6+ Ke7 {and Black's king is safe
}) 41... Ke6 42. Rxf6+ Ke7 43. Qh7+ Ke8 44. Rd6 Qc4+ 45. Qd3 Qc1+ 46. Qd1 Qc4+
47. Rd3 {and the fight continues, but White has some advantage.}) 35. Kf1 Rg7
36. Qh6 Qd8 {This move took me by surprise, I was looking most of the time 36..
.Qd5 which is more active, but doesn't work.} (36... Qf8 37. Rg5 $1 fxg5 38. f6
{and White has threats everywhere, so Black is not able to hold}) (36... Qd5
37. Ng5+ $1 fxg5 38. f6 {and again Black is lost because of 39.Re7.}) 37. Rg5 {
Without much time I went for this line that I knew that I had at least a draw,
however White had an amazing resource.} (37. Re6 $3 {since the queen is not so
active on d8, White has time to bring all the pieces to the attack} Nd7 (37...
Bd7 38. Ne5+ $1 {is not the only move, but it's the most beautiful} fxe5 39.
dxe5 Nd5 40. Rg6 Qf8 41. e6+ {is decisive}) (37... Bxe6 38. fxe6+ Kxe6 39. Qxg7
{recovers the material with a lot of attack}) 38. Rh2 $1 {the basic idea is to
exchange Black's most important piece that is the rook on g7} b6 39. Qh5+ Kf8
40. Rg2 Ba6+ 41. Kg1 Rxg2+ 42. Kxg2 Bc4 43. Qh8+ Kf7 44. Qh7+ Kf8 45. Nh4 {
bringing the last piece to the party} Ne5 46. Ng6+ Nxg6 47. Qh6+ Kf7 48. Qxg6+
Kf8 49. Rxf6+ {and finally it's easy to see that White is winning.}) 37... fxg5
38. Qh5+ Kf6 (38... Kf8 39. Qh8+ Rg8 40. Qh6+ Kf7 (40... Rg7 41. f6 $18) 41.
Ne5+ {and Black's king is forced to go to the e-file with terrible
consequences.}) 39. Qh6+ Kf7 40. f6 {After almost 25 moves attacking it's hard
to stop, but maybe it would be better to just repeat the position here.} (40.
Ne5+ {is not enough} Kg8 41. f6 Qf8 {and everything is under control.}) 40...
Qxf6 41. Ne5+ Qxe5 42. dxe5 (42. Rxe5 {is also a draw} Bd7 {and now White has
nothing better than} (42... Nd5 43. Qh5+ Kf6 44. Qh8 {is more dangerous for
Black, even if the computer says that it's fine}) 43. Re7+ Kxe7 44. Qxg7+ Kd8
45. Qxg5+ Kc7 46. Qg3+ Kc8 47. Qg8+ {with a perpetual.}) 42... Nd5 43. e6+ Kg8
44. Re5 Nf4 $1 45. Rxg5 {Forced.} (45. e7 Bh3+ 46. Kg1 Re8 47. Rxg5 Rexe7 {
and White will suffer for a long time.}) 45... Nxe6 46. Rh5 {This is active,
but turns out that 47.Qh8 is not deadly, so Black is fine.} b6 (46... Nf8 47.
Rg5 Rxg5 48. Qxg5+ Kf7 49. f4 Bd7 50. Qh5+ Ke7 51. Qe5+ Kd8 52. Qd6 {would
probably also be a draw.}) 47. f4 {Bringing one last soldier to the battle,
together with a draw offer.} (47. f4 Ba6+ 48. Kf2 Re8 49. Re5 $1 {White should
not allow the e8-rook to be activated} (49. f5 Nd4 $19) 49... Bc8 (49... Nc7 $6
50. Rxe8+ Nxe8 51. Qxc6 Nc7 52. Qxb6 $14) 50. f5 Rf8 51. Rxe6 Rxf5+ 52. Ke3
Bxe6 53. Qxe6+ Rgf7 54. Qxc6 $11) 1/2-1/2

[Event "Hastings 9394"]
[Site "Hastings"]
[Date "1993.??.??"]
[Round "4"]
[White "Rogers, Ian"]
[Black "Krasenkow, Michal"]
[Result "0-1"]
[WhiteElo "2595"]
[BlackElo "2595"]
[Annotator "Ftacnik,L"]
[PlyCount "56"]
[EventDate "1993.12.??"]
[EventType "tourn"]
[EventRounds "9"]
[EventCountry "ENG"]
[EventCategory "12"]
[SourceTitle "CBM 039"]
[Source "ChessBase"]
[SourceDate "1994.04.01"]
[SourceVersion "1"]
[SourceVersionDate "1994.04.01"]
[SourceQuality "1"]

1. d4 d5 2. c4 e6 3. Nc3 c6 4. Nf3 dxc4 5. e3 b5 6. a4 Bb4 7. Bd2 a5 8. axb5
Bxc3 9. Bxc3 cxb5 10. b3 Bb7 11. d5 $6 (11. bxc4 b4 12. Bb2) 11... Nf6 12. bxc4
b4 13. Bxf6 Qxf6 14. Qa4+ Nd7 15. Nd4 e5 $1 (15... exd5 16. c5 $36) 16. Nb3 Ke7
17. Be2 (17. Qb5 Ba6 18. Qxa5 Rhb8 19. d6+ $5 Ke8 $1 $17) (17. Nxa5 Qb6 $17)
17... Qd6 $1 18. Bg4 (18. O-O Nc5 19. Nxc5 (19. Qb5 Nxb3 20. Qxb7+ Kf6 $1 {
/\ Rhb8} (20... Qd7 $2 21. d6+ $1)) 19... Qxc5 20. Rfd1 Kd6 {/\ Bc8-d7}) 18...
Nb6 $1 19. c5 $1 Qxd5 20. cxb6 Bc6 21. Qa2 Qxg2 22. Rf1 Qxg4 23. Nxa5 Bb5 24.
Qb2 Qe4 25. b7 Ra6 26. Rg1 $6 (26. Rc1 $5 Rxa5 $140 27. Rc8 Ra2 $3 28. Qxa2 (
28. b8=Q Rxb2 29. Qc7+ Bd7 $19) 28... Qg2 29. Kd2 Qxf1 30. Rxh8 Qxf2+ 31. Kc1
Qxa2 32. b8=Q Qa1+ 33. Kd2 Qc3+ 34. Kd1 Qd3+ $19) 26... Rd8 $1 (26... Rg6 27.
O-O-O $3 $13) 27. Qc1 Qd3 28. Qb2 Kf6 {/\ Ra5-+} 0-1

[Event "Tilburg"]
[Site "Tilburg"]
[Date "1994.??.??"]
[Round "3"]
[White "Sokolov, Ivan"]
[Black "Vaganian, Rafael A"]
[Result "1-0"]
[WhiteElo "2625"]
[BlackElo "2645"]
[Annotator "Ftacnik,L"]
[PlyCount "47"]
[EventDate "1994.09.??"]
[EventType "k.o."]
[EventRounds "7"]
[EventCountry "NED"]
[SourceTitle "CBM 044"]
[Source "ChessBase"]
[SourceDate "1995.02.01"]
[SourceVersion "1"]
[SourceVersionDate "1995.02.01"]
[SourceQuality "1"]

1. d4 {Donev,I} d5 2. c4 e6 3. Nc3 Be7 4. cxd5 exd5 5. Bf4 c6 6. e3 Bf5 7. Nge2
Nd7 8. Ng3 (8. h3 {Donev,I} h5 9. Ng3 Bg6 10. Bd3 Bxd3 11. Qxd3 g5 12. Be5)
8... Bg6 9. Be2 (9. Bd3 $4 Bxd3 10. Qxd3 g5 $1 $19 (10... g5 {Donev,I} 11. Be5
f6 $19)) 9... Nf8 (9... Qb6 $5 10. Qd2 Ngf6 (10... h5 11. e4 $6 (11. O-O {
Donev,I} h4 12. Nh1 h3 13. g4) 11... h4 12. Nf5 dxe4 13. Nd6+ Bxd6 14. Bxd6 Ne7
15. d5 Nf6 16. dxc6 bxc6 17. Qf4 Qxb2 18. Rc1 Nfd5 19. Nxd5 Nxd5 20. Qg5 Rd8
21. Bc5 Bh5 $1 22. Rc2 Qa1+ 23. Rc1 Qf6 $17 {Ligterink,G-Geller,E/OHRA II/1987/
}) 11. h4 h6 12. h5 Bh7 13. f3 O-O 14. Na4 Qb4 (14... Qd8 15. Bd3 $36) 15. Qxb4
Bxb4+ 16. Kf2 $14) (9... Ngf6 10. h4 h6 11. h5 Bh7 12. Bd3 Bxd3 13. Qxd3 {
/\ Nf5}) 10. Bg4 (10. h4) 10... Nf6 11. Bh3 Ne6 12. Be5 Ng5 (12... Nd7 13. O-O
(13. Bxe6 Nxe5) (13. f4 Nxe5 14. dxe5 d4 15. Nce2 Bb4+ 16. Kf1 d3 17. Nc3 Bxc3
18. bxc3 h5 $1 19. f5 h4 20. fxg6 hxg3 21. gxf7+ Kxf7 $13) 13... Nxe5 14. dxe5
d4 15. exd4 Nxd4 16. f4 {/\ f5+/-}) 13. Bf5 O-O 14. h4 $1 (14. f3 Nd7 $1) 14...
Nge4 15. Bxg6 hxg6 16. Ngxe4 Nxe4 17. Nxe4 dxe4 18. h5 gxh5 $2 (18... g5 19. h6
f6 20. Qh5 $1 (20. hxg7 $2 Kxg7 21. Qh5 Rh8 22. Qxg5+ Kf7) 20... fxe5 21. hxg7
Qa5+ 22. Kd1 Kxg7 23. Qh7+ Kf6 24. Rh6#) (18... Bf6 19. hxg6 fxg6 $18 (19...
fxg6 {Donev,I} 20. Qb3+ Qd5 21. Qxd5+ cxd5 22. Bd6 Rfc8 23. Kd2 $14)) 19. Qxh5
Qa5+ 20. Kf1 f6 21. Qg6 $1 Qd5 (21... fxe5 22. Rh7 Rf7 23. Qh5 $18 (23. Qh5 {
Donev,I} Rxf2+ 24. Kg1 Rxg2+ 25. Kxg2 Qd2+ 26. Kh1 $18)) 22. Bf4 Rfd8 23. Rh5
$1 Qe6 (23... Qf7 {Donev,I} 24. Rh8+ Kxh8 25. Qxf7 $18) 24. Rh7 (24. Rh7 Bf8 (
24... Qf7 25. Rh8+ Kxh8 26. Qxf7 $18) 25. Qh5 $18) 1-0

[Event "USA-ARM"]
[Site "Glendale"]
[Date "1994.??.??"]
[Round "1"]
[White "Gulko, Boris F"]
[Black "Lputian, Smbat G"]
[Result "1-0"]
[WhiteElo "2615"]
[BlackElo "2590"]
[Annotator "Ftacnik,L"]
[PlyCount "65"]
[EventDate "1994.05.??"]
[EventType "team"]
[EventRounds "4"]
[EventCountry "USA"]
[SourceTitle "CBM 042"]
[Source "ChessBase"]
[SourceDate "1994.10.01"]
[SourceVersion "1"]
[SourceVersionDate "1994.10.01"]
[SourceQuality "1"]

1. c4 e6 2. Nc3 d5 3. d4 Be7 4. cxd5 exd5 5. Bf4 c6 6. e3 Bf5 7. g4 Be6 8. h4
Bxh4 9. Qb3 b6 (9... Bc8 $5) 10. Nf3 Be7 11. Ne5 Nf6 (11... Bd6 $5 12. Bd3 Ne7
$13) 12. g5 (12. Be2) 12... Nfd7 13. g6 Nxe5 14. Bxe5 Bf6 $1 (14... fxg6 15.
Bxg7 Rg8 16. Rxh7 $16) 15. Rxh7 O-O $1 16. Bg3 (16. Bxf6 Qxf6 17. Bd3 Bf5 $1
$132) 16... fxg6 (16... Bf5 17. O-O-O Bxg6 18. Rh2 $16 {<->h}) 17. Rh2 Kf7 $1
18. O-O-O Rh8 $6 (18... Nd7 $1 19. e4 Be7 $14) 19. Rxh8 Qxh8 20. e4 $1 Qh5 (
20... dxe4 21. Bc4 Qh3 22. Nxe4 $16) 21. Re1 $1 (21. exd5 cxd5 22. Bg2 Nc6 $132
) 21... Nd7 22. exd5 Bxd5 (22... cxd5 23. Rxe6 Kxe6 24. Nxd5 Qg5+ (24... Qxd5
25. Bh3+ $18) (24... Qh1 25. Nf4+ Kd6 (25... Ke7 26. Nxg6+ Kd8 27. Qg8+ $18)
26. Qe6+ Kc7 27. Nd5+ $18) 25. Nf4+ Kd6 (25... Ke7 26. Qe3+ $18) 26. Qe6+ Kc7
27. Kd1 $1 $18) 23. Nxd5 cxd5 24. Bg2 Rc8+ 25. Kb1 Re8 (25... Rc4 26. Qb5 Qf5+
27. Be4 dxe4 28. Qxc4+ $18) 26. Bxd5+ Kf8 27. Rh1 Qf5+ 28. Ka1 Ke7 29. Qa3+ Kd8
30. Qd6 Qc2 (30... Bxd4 31. Qc7+ Ke7 32. Re1+ $18) 31. Bc6 Qf5 32. Qc7+ Ke7 33.
Bd6+ 1-0

[Event "Madrid"]
[Site "Madrid"]
[Date "1994.??.??"]
[Round "6"]
[White "Sokolov, Ivan"]
[Black "San Segundo Carrillo, Pablo"]
[Result "1-0"]
[WhiteElo "2650"]
[BlackElo "2470"]
[Annotator "Ftacnik,L"]
[PlyCount "68"]
[EventDate "1994.05.??"]
[EventType "tourn"]
[EventRounds "9"]
[EventCountry "ESP"]
[EventCategory "15"]
[SourceTitle "CBM 041"]
[Source "ChessBase"]
[SourceDate "1994.08.01"]
[SourceVersion "1"]
[SourceVersionDate "1994.08.01"]
[SourceQuality "1"]

1. d4 d5 2. c4 c6 3. Nc3 e6 4. e4 dxe4 5. Nxe4 Bb4+ 6. Bd2 Qxd4 7. Bxb4 Qxe4+
8. Be2 c5 9. Bc3 $5 $146 (9. Bxc5) 9... Ne7 10. Nf3 (10. Bxg7 Rg8 11. Bf6 (11.
Bc3 Qxg2 12. Qd6 Qxh1 13. O-O-O Nbc6 $17) 11... Nd7 12. Bxe7 Kxe7 $15) 10...
O-O 11. O-O f6 (11... Nbc6 12. Bd3 Qf4 13. Re1) 12. Bd3 Qf4 13. Re1 Nbc6 14.
Nd2 $5 (14. Qc2 Nf5) 14... Rd8 15. Ne4 (15. Qc2 Nf5 16. Rad1 Ncd4 17. Bxd4 cxd4
$15) 15... f5 $6 (15... b6 16. g3 Qc7 17. Qh5 (17. Bxf6 gxf6 18. Nxf6+ Kg7 19.
Qf3 $40) (17. Nxf6+ $6 gxf6 18. Bxf6 Rf8 19. Qg4+ Ng6 20. Bxg6 Rxf6 21. Be4+
Kh8 $17) 17... e5 18. Nxf6+ gxf6 19. Qxh7+ Kf8 20. Bg6 $40) 16. g3 (16. Nxc5 $2
Qd6 17. b4 b6 $19) 16... Qc7 (16... Qh6 17. Nxc5 $16) 17. Ng5 e5 (17... h6 18.
Nxe6 Bxe6 19. Rxe6 Qd7 20. Re3 $16) 18. Qh5 h6 19. Qf7+ Kh8 20. Nf3 Nd5 $8 (
20... Rxd3 21. Nxe5 Rxc3 22. Ng6+ Kh7 23. bxc3 $18) 21. Ng5 $1 (21. Qxc7 Nxc7
22. Nxe5 Nxe5 23. Bxe5 Rxd3 24. Bxc7 Bd7 $10) 21... Nde7 (21... hxg5 $5 22.
Qh5+ Kg8 23. cxd5 Nd4 24. Bxd4 cxd4 25. Rac1 (25. Qxg5 e4 26. Bc4 Qd6) (25. f3
Qe7 26. d6 Qf6 (26... Rxd6 27. Bc4+ Be6 28. Rxe5 $16) 27. Rac1 g6 28. Qh6 Be6
29. Rc7 (29. Rc5 Rxd6 30. Rcxe5 Rf8) 29... Rxd6 30. Qh7+ Kf8 31. Rxe5 Qxe5 32.
Qe7+ Kg8 33. Qh7+ $10) 25... Qd6 26. Rxc8 (26. Qxg5 e4 27. Bc4) 26... Raxc8 27.
Bxf5 Qh6 28. Be6+ Kh8 29. Qxh6+ gxh6 30. Bxc8 Rxc8 $13) 22. h4 $1 hxg5 $6 (
22... Bd7 $1 23. Rxe5 (23. Nf3 Rf8) (23. Ne6 Bxe6 24. Qxe6 Rxd3 $19) (23. Rad1
$2 hxg5 24. Qh5+ Kg8 25. hxg5 Be8 $19) 23... Nxe5 24. Qxe7 Re8 $17 25. Nf7+ Kg8
26. Bxe5 Rxe7 27. Nxh6+ gxh6 28. Bxc7 $17 {San Segundo}) 23. hxg5 Be6 (23...
Nd4 24. Kg2 $18) 24. Qxe6 Nd4 (24... Rxd3 25. Kg2 $18) 25. Bxd4 Rxd4 26. Bxf5
Nxf5 27. Qxf5 $18 Re8 28. g6 Kg8 29. Qh5 Re6 30. Qh7+ Kf8 31. Qh8+ Ke7 32.
Qxg7+ Kd6 33. Qf8+ Qe7 34. g7 Rg6 (34... Rg6 35. Rxe5 $1 $18) 1-0